| 000 | 00616nam a22001817a 4500 | ||
|---|---|---|---|
| 005 | 20120519130030.0 | ||
| 020 |
_a8178668165 _c325.00 |
||
| 035 | _aB-79370 | ||
| 037 |
_aDPL _bENG |
||
| 100 |
_aMisra, S.K. _947496 |
||
| 245 |
_aEconomic environment of business / _cby S.K. Misra and V.K. Puri |
||
| 250 | _arprn. | ||
| 260 |
_aMumbai _bHimalaya Publishing House _c2004 |
||
| 300 |
_a738p. _c24 cms. |
||
| 700 |
_aPuri, V.K. _947497 |
||
| 942 |
_2ddc _cEN _h338.954 _mMIS |
||
| 999 |
_c66919 _d66919 |
||